LEADER 01104nam a2200265 i 4500 001 000000106474 003 CaOOAMICUS 005 20080313000000.0 008 080313s1978 it u000 u ita u 013 $a78668 040 $aSeMil$bita 100 1 $aPizzolato, Luigi Franco,$d<1939- >.$0(OLS)http://semarc/name/40 245 13$aLa dottrina esegetica di sant'Ambrogio /$cLuigi Franco Pizzolato. 260 $aMilano :$bVita e Pensiero,$c1978. 300 $aXXI,359 p. ;$c22 cm. 490 0 $aStudia Patristica Mediolanensia ;$v9 500 $aFondo Card. Giovanni Colombo. 650 4$aAmbrogio - Esegesi biblica.$0(OLS)http://semarc/subject/18525 830 0$aStudia patristica Mediolanensia ;$v9.$0(OLS)http://semarc/title/64 850 $aSeMil 852 $aSeMil$W1$xVenegono$y1$m2IA H 9$j236400$B62606$CSeMilBibl$Z2$F71764 $81 941 1 $a3 961 $aLascito: Colombo Card. Giovanni 996 $6245$aLa dottrina esegetica di sant'Ambrogio$9(OLS)http://semarc/title/154417 996 $6260$aMilano :$bVita e Pensiero$9(OLS)http://semarc/publisher/29642 LEADER 00846nam a2200205 i 4500 001 000000121887 003 CaOOAMICUS 005 20260408130201.0 008 040115s1959 fr u000 u fre u 013 $a94582 040 $aSeMil$bita 100 1 $aBigaré, Christian.$0(OLS)http://semarc/name/50756 245 10$aNouveau Testament /$cpar C. Bigaré ... [et al.]. 300 $aXIX, 939 p., [6] carte di tav., di cui 1 c. geogr. ripieg. :$bill. 650 4$aBibbia. Nuovo Testamento - Introduzioni.$0(OLS)http://semarc/subject/1733 773 0 $tIntroduction a la Bible.$dTournai (Belgium) : Desclée & C., 1957-1959.$g2$w()10824 850 $aSeMil 852 $aSeMil$W1$xVenegono$y1$m2VV II 16$j269886$B76932$CSeMilBibl$Z2$F78527 $81 996 $6245$aNouveau Testament$9(OLS)http://semarc/title/179551